<?xml version="1.0" encoding="UTF-8"?>
<record
    xmlns:xsi="http://www.w3.org/2001/XMLSchema-instance"
    xsi:schemaLocation="http://www.loc.gov/MARC21/slim http://www.loc.gov/standards/marcxml/schema/MARC21slim.xsd"
    xmlns="http://www.loc.gov/MARC21/slim">

  <leader>01194aam a2200325 i 4500</leader>
  <controlfield tag="001">vtls000728591</controlfield>
  <controlfield tag="003">PNM</controlfield>
  <controlfield tag="005">20230328100451.0</controlfield>
  <controlfield tag="008">160506t20132013my ao  fr     000 0ceng  </controlfield>
  <datafield tag="015" ind1=" " ind2=" ">
    <subfield code="a">M13-15964</subfield>
  </datafield>
  <datafield tag="020" ind1=" " ind2=" ">
    <subfield code="a">9789671156513</subfield>
    <subfield code="q">paperback</subfield>
    <subfield code="c">RM10.00</subfield>
  </datafield>
  <datafield tag="039" ind1=" " ind2="9">
    <subfield code="a">201605061538</subfield>
    <subfield code="b">VLOAD</subfield>
    <subfield code="c">201404181102</subfield>
    <subfield code="d">irfah</subfield>
    <subfield code="c">201404161700</subfield>
    <subfield code="d">zuraidahm</subfield>
    <subfield code="c">201312191508</subfield>
    <subfield code="d">azril</subfield>
  </datafield>
  <datafield tag="040" ind1=" " ind2=" ">
    <subfield code="a">BNM</subfield>
    <subfield code="b">eng</subfield>
    <subfield code="c">BNM</subfield>
    <subfield code="e">rda</subfield>
    <subfield code="d">PPAK</subfield>
  </datafield>
  <datafield tag="049" ind1=" " ind2=" ">
    <subfield code="a">mal</subfield>
  </datafield>
  <datafield tag="082" ind1="0" ind2="4">
    <subfield code="2">23</subfield>
    <subfield code="a">759.9595</subfield>
  </datafield>
  <datafield tag="090" ind1="0" ind2="0">
    <subfield code="a">759.9595</subfield>
    <subfield code="b">VII</subfield>
    <subfield code="d">KSF</subfield>
  </datafield>
  <datafield tag="111" ind1="2" ind2=" ">
    <subfield code="a">VIII (Exhibition)</subfield>
    <subfield code="d">(2013 :</subfield>
    <subfield code="c">Segaris Art Center, Kuala Lumpur)</subfield>
  </datafield>
  <datafield tag="245" ind1="0" ind2="0">
    <subfield code="a">VIII :</subfield>
    <subfield code="b">15 February - 11 March 2013 /</subfield>
  </datafield>
  <datafield tag="246" ind1="3" ind2=" ">
    <subfield code="a">Eight :</subfield>
    <subfield code="b">15 February - 11 March 2013</subfield>
  </datafield>
  <datafield tag="264" ind1=" " ind2="1">
    <subfield code="a">Kuala Lumpur :</subfield>
    <subfield code="b">Segaris Art Center (SAc),</subfield>
    <subfield code="c">2013</subfield>
  </datafield>
  <datafield tag="300" ind1=" " ind2=" ">
    <subfield code="a">70 pages :</subfield>
    <subfield code="b">colour illustrations, colour photographs ;</subfield>
    <subfield code="c">22 cm</subfield>
  </datafield>
  <datafield tag="336" ind1=" " ind2=" ">
    <subfield code="a">text</subfield>
    <subfield code="2">rdacontent</subfield>
  </datafield>
  <datafield tag="336" ind1=" " ind2=" ">
    <subfield code="a">still image</subfield>
    <subfield code="2">rdacontent</subfield>
  </datafield>
  <datafield tag="337" ind1=" " ind2=" ">
    <subfield code="a">unmediated</subfield>
    <subfield code="2">rdamedia</subfield>
  </datafield>
  <datafield tag="338" ind1=" " ind2=" ">
    <subfield code="a">volume</subfield>
    <subfield code="2">rdacarrier</subfield>
  </datafield>
  <datafield tag="500" ind1=" " ind2=" ">
    <subfield code="a">Held at Segaris Art Center, Publika Shopping Gallery, Kuala Lumpur from 15 February until 11 March 2013.</subfield>
  </datafield>
  <datafield tag="650" ind1="1" ind2="0">
    <subfield code="a">Painting, Malaysian</subfield>
    <subfield code="v">Exhibitions</subfield>
  </datafield>
  <datafield tag="650" ind1="2" ind2="0">
    <subfield code="a">Art, Malaysian</subfield>
    <subfield code="v">Exhibitions</subfield>
  </datafield>
  <datafield tag="942" ind1=" " ind2=" ">
    <subfield code="2">ddc</subfield>
    <subfield code="c">B</subfield>
  </datafield>
  <datafield tag="999" ind1=" " ind2=" ">
    <subfield code="c">191839</subfield>
    <subfield code="d">191839</subfield>
  </datafield>
  <datafield tag="952" ind1=" " ind2=" ">
    <subfield code="0">0</subfield>
    <subfield code="7">1</subfield>
    <subfield code="b">BL</subfield>
    <subfield code="c">KSF</subfield>
    <subfield code="d">2023-04-19</subfield>
    <subfield code="l">0</subfield>
    <subfield code="o">KSF 759.9595 VII</subfield>
    <subfield code="p">A00217846</subfield>
    <subfield code="r">2023-04-19 00:00:00</subfield>
    <subfield code="y">B</subfield>
  </datafield>
</record>
